Power Plays Energy Options in the Age of Peak Oil /

Many people wonder: Are we really running out of oil, or is it all a ruse to drive prices up? Is nuclear power safe and economical? Is solar energy really the key to providing plenty of carbon-free energy? Do we have enough natural gas or coal to make any loss of oil production irrelevant? In Power...

Πλήρης περιγραφή

Λεπτομέρειες βιβλιογραφικής εγγραφής
Κύριος συγγραφέας: Rapier, Robert (Συγγραφέας)
Συγγραφή απο Οργανισμό/Αρχή: SpringerLink (Online service)
Μορφή: Ηλεκτρονική πηγή Ηλ. βιβλίο
Γλώσσα:English
Έκδοση: Berkeley, CA : Apress, 2012.
Θέματα:
Διαθέσιμο Online:Full Text via HEAL-Link
LEADER 03232nam a22004095i 4500
001 978-1-4302-4087-7
003 DE-He213
005 20151204145702.0
007 cr nn 008mamaa
008 120611s2012 xxu| s |||| 0|eng d
020 |a 9781430240877  |9 978-1-4302-4087-7 
024 7 |a 10.1007/978-1-4302-4087-7  |2 doi 
040 |d GrThAP 
050 4 |a HF4999.2-6182 
050 4 |a HD28-70 
072 7 |a KJ  |2 bicssc 
072 7 |a BUS042000  |2 bisacsh 
082 0 4 |a 650  |2 23 
100 1 |a Rapier, Robert.  |e author. 
245 1 0 |a Power Plays  |h [electronic resource] :  |b Energy Options in the Age of Peak Oil /  |c by Robert Rapier. 
264 1 |a Berkeley, CA :  |b Apress,  |c 2012. 
300 |a XII, 272 p.  |b online resource. 
336 |a text  |b txt  |2 rdacontent 
337 |a computer  |b c  |2 rdamedia 
338 |a online resource  |b cr  |2 rdacarrier 
347 |a text file  |b PDF  |2 rda 
520 |a Many people wonder: Are we really running out of oil, or is it all a ruse to drive prices up? Is nuclear power safe and economical? Is solar energy really the key to providing plenty of carbon-free energy? Do we have enough natural gas or coal to make any loss of oil production irrelevant? In Power Plays: Energy Options in the Age of Peak Oil, energy expert Robert Rapier helps readers sort through energy hype, doom and gloom, and misinformation to understand what really matters in energy, and how it impacts individuals, investors, businesspeople, and policy makers worldwide. The book covers the overall global energy situation, the particular risks for the U.S. with its present energy mix, the energy outlook for the developed world and emerging economies like China and India, what peak oil really means, and the present and likely future of natural gas, coal, oil, nuclear power, and alternative energy sources. The book also addresses common misconceptions. For instance, most readers are likely unaware that the U.S. is the third-largest oil producer in the world. Or that Canada leads the U.S. in per capita oil consumption. It will also highlight interesting facts—for example, China has solved part of its energy challenge by mandating solar hot water systems in all new construction. Most importantly, the book will provide specific energy insights unavailable elsewhere and help individuals and business planners chart future actions and decisions. With the disaster at Fukushima, the discovery of the Marcellus shale natural gas deposits, the increasing efficiency of solar electricity installations, and the unsustainable supply of oil, the energy outlook has changed greatly over the last couple of years. What’s now required is just what this book delivers: a sober, even-handed account of our energy resources, present and future, that will help people plan for a world without cheap energy. 
650 0 |a Business. 
650 0 |a Management science. 
650 1 4 |a Business and Management. 
650 2 4 |a Business and Management, general. 
710 2 |a SpringerLink (Online service) 
773 0 |t Springer eBooks 
776 0 8 |i Printed edition:  |z 9781430240860 
856 4 0 |u http://dx.doi.org/10.1007/978-1-4302-4087-7  |z Full Text via HEAL-Link 
912 |a ZDB-2-SBE 
950 |a Business and Economics (Springer-11643)